Street Fighter Characters - Statistics

General Stats
  • This quiz has been taken 251 times
    113 since last reset
  • The average score is 59 of 94
Answer Stats
Game Country Character % Correct
Street Fighter II China Chun-Li
98%
Street Fighter Alpha Japan Evil Ryu
98%
Street Fighter USA Ken
98%
Street Fighter Japan Ryu
97%
Street Fighter II Brazil Blanka
92%
Street Fighter V Unknown G
92%
Street Fighter II USA Guile
90%
Street Fighter II Thailand M. Bison
90%
Street Fighter Thailand Sagat
90%
Street Fighter II Russia Zangief
90%
Street Fighter II Japan E. Honda
89%
Street Fighter II United Kingdom Cammy
87%
Street Fighter II India Dhalsim
87%
Street Fighter II Japan Akuma
86%
Street Fighter II Jamaica Dee Jay
86%
Street Fighter Alpha Japan Shin Akuma
86%
Street Fighter II Spain Vega
86%
Street Fighter II USA Balrog
84%
Street Fighter II Hong Kong Fei Long
79%
Street Fighter II Mexico T. Hawk
78%
Street Fighter Alpha Hong Kong Dan
76%
Street Fighter Alpha Japan Sakura
75%
Street Fighter IV South Korea Juri
71%
Street Fighter Alpha Italy Rose
71%
Street Fighter VI China A.K.I
70%
Street Fighter Alpha USA Cody
70%
Street Fighter III Unknown Q
70%
Street Fighter III Kenya Elena
68%
Street Fighter VI France Manon
67%
Street Fighter V UAE Rashid
67%
Street Fighter United Kingdom Birdie
65%
Street Fighter Alpha USA Charlie Nash
65%
Street Fighter Alpha USA Guy
65%
Street Fighter V China F.A.N.G.
63%
Street Fighter China Gen
63%
Street Fighter III Japan Ibuki
63%
Street Fighter VI Hong Kong Jamie
63%
Street Fighter V USA Luke
63%
Street Fighter VI Italy Marisa
63%
Street Fighter III Hong Kong Yang
63%
Street Fighter Thailand Adon
62%
Street Fighter III Brazil Oro
62%
Street Fighter III Russia Twelve
62%
Street Fighter III Greece Urien
62%
Street Fighter III Hong Kong Yun
62%
Street Fighter III United Kingdom Dudley
60%
Street Fighter IV Mexico El Fuerte
60%
Street Fighter III Greece Gill
60%
Street Fighter VI Russia JP
60%
Street Fighter V Brazil Laura
60%
Street Fighter IV USA Poison
60%
Street Fighter IV Thailand Seth
60%
Street Fighter IV USA C. Viper
59%
Street Fighter III Germany Hugo
59%
Street Fighter Alpha Japan Karin
59%
Street Fighter VI USA Kimberly
59%
Street Fighter III Japan Makoto
59%
Street Fighter III Brazil Sean
59%
Street Fighter IV France Abel
57%
Street Fighter V Thailand Ed
57%
Street Fighter VI USA Lily
57%
Street Fighter VI USA Terry
57%
Street Fighter V Netherlands Abigail
56%
Street Fighter III USA Alex
56%
Street Fighter V Germany Falke
56%
Street Fighter VI Japan Mai
56%
Street Fighter IV USA Rufus
54%
Street Fighter V Egypt Menat
52%
Street Fighter III Russia Necro
52%
Street Fighter Alpha Japan R. Mika
52%
Street Fighter Alpha USA Rolento
52%
Street Fighter V Japan Akira
51%
Street Fighter IV Japan Gouken
51%
Street Fighter IV Turkey Hakan
51%
Street Fighter Alpha Germany Juli
51%
Street Fighter III France Remy
51%
Street Fighter Alpha USA Sodom
51%
Street Fighter IV Russia Decapre
49%
Street Fighter Alpha Germany Juni
48%
Street Fighter V Japan Kage
48%
Street Fighter V Russia Kolin
48%
Street Fighter IV Japan Oni
48%
Street Fighter USA Mike
46%
Street Fighter V Mexico Necalli
44%
Street Fighter United Kingdom Eagle
43%
Street Fighter V Russia Eleven
43%
Street Fighter V Japan Zeku
43%
Street Fighter Alpha Unknown Ingrid
41%
Street Fighter China Lee
40%
Street Fighter V Puerto Rico Lucia
37%
Street Fighter Japan Retsu
35%
Street Fighter Japan Geki
33%
Street Fighter USA Joe
33%
Street Fighter Alpha Japan Maki
24%
No matching quizzes found
Score Distribution
Percent of People with Each Score
Percentile by Number Answered
Your Score History
You have not taken this quiz since the last reset